| 000 | 00345nam a2200133Ia 4500 | ||
|---|---|---|---|
| 008 | 231221s9999 xx 000 0 und d | ||
| 020 | _a978-0-387-38464-1 | ||
| 041 | _aEnglish | ||
| 100 | _aHarry Wechsler | ||
| 245 | 0 | _aReliable Face Recognition Methods | |
| 260 |
_c2007 _bSpringer US _aNew York |
||
| 650 | _aComputer Science | ||
| 942 | _cEB | ||
| 999 |
_c218172 _d218172 |
||